LEADER 01056nam a2200277 i 4500 001 000000180268 003 CaOOAMICUS 005 20190416121624.0 008 100422s2009 it u000 u ita u 013 $a157913 020 $a978-88-420-9043-4 040 $aSeMil$bita 100 1 $aAltini, Carlo.$0(OLS)http://semarc/name/66765 245 10$aIntroduzione a Leo Strauss /$cdi Carlo Altini. 264 1$aRoma ; Bari :$bLaterza,$c2009. 300 $a199 p. ;$c18 cm. 490 0 $aI filosofi ;$v97 600 14$aStrauss, Leo <1899-1973>.$0(OLS)http://semarc/subject/34264 830 2$aI filosofi ;$v97.$0(OLS)http://semarc/title/6925 850 $aSeMil 852 $aSeMil$W1$xVenegono$y1$m2LA M 97$j262358$B131018$CSeMilBibl$Z2$F142922 $81 961 $aAcquisto: Àncora (Libreria) 996 $6020$a978-88-420-9043-4$9(OLS)http://semarc/number/169599 996 $6245$aIntroduzione a Leo Strauss$9(OLS)http://semarc/title/258875 996 $6264$aRoma ; Bari :$bLaterza$9(OLS)http://semarc/publisher/30305 LEADER 00561nab a2200145 i 4500 001 000000268487 003 CaOOAMICUS 005 20080409000000.0 008 080409n xx uu u0 0und r 013 $a13869 040 $aSeMil$bita 245 10$aOmelie crismali, quale prete?. - 16 p. - Titolo principale dalla prima pagina. 500 $a6 aprile 2008. 773 0 $t[2008 : Gennaio-Giugno].$dBologna : Centro Editoriale Dehoniano, 2008.$w()169052 996 $6245$aOmelie crismali, quale prete?. - 16 p. - Titolo principale dalla prima pagina.$9(OLS)http://semarc/title/358765